भारतीय संस्कृति और राष्टवाद / (Record no. 197774)
[ view plain ]
| 000 -LEADER | |
|---|---|
| fixed length control field | 00778nam a22001937a 4500 |
| 005 - DATE AND TIME OF LATEST TRANSACTION | |
| control field | 20230901154648.0 |
| 010 ## - LCCN (DPL NO) | |
| LC control number | HIN-125771 |
| 020 ## - INTERNATIONAL STANDARD BOOK NUMBER | |
| International Standard Book Number | 978939269614 |
| Terms of availability | 695.00 |
| 035 ## - SYSTEM CONTROL NUMBER | |
| System control number | Hn-98117 |
| 082 ## - DEWEY DECIMAL CLASSIFICATION NUMBER | |
| Classification number | 233 |
| 100 ## - MAIN ENTRY--PERSONAL NAME | |
| Personal name | मिश्र, राजेंद्र |
| 245 ## - TITLE STATEMENT | |
| Title | भारतीय संस्कृति और राष्टवाद / |
| Statement of responsibility, etc | राजेंद्र मिश्र |
| 260 ## - PUBLICATION, DISTRIBUTION, ETC. (IMPRINT) | |
| Place of publication, distribution, etc | नई दिल्ली |
| Name of publisher, distributor, etc | इन्द्रप्रथा प्रकाशन |
| Date of publication, distribution, etc | 2021 |
| 270 ## - ADDRESS | |
| Address | के-71 कृष्णा नगर |
| City | नई दिल्ली |
| Postal code | 110051 |
| 300 ## - PHYSICAL DESCRIPTION | |
| Extent | 272 पृ. |
| Dimensions | 23 सेमी.(सजिल्द) |
| 700 ## - ADDED ENTRY--PERSONAL NAME | |
| 9 (RLIN) | 55805 |
| 942 ## - ADDED ENTRY ELEMENTS (KOHA) | |
| Source of classification or shelving scheme | Dewey Decimal Classification |
| Item type | Hindi Books |
| Classification part | 233 |
| Call number suffix | मिश्रर |
| Withdrawn status | Lost status | Not for loan | Collection code | Home library | Current library | Date acquired | Source of acquisition | Cost, normal purchase price | Full call number | Barcode | Copy number | Cost, replacement price | Koha item type |
|---|---|---|---|---|---|---|---|---|---|---|---|---|---|
| Non-fiction | Vinoba Puri | Vinoba Puri | 01/09/2023 | DBAD/PUB | 695.00 | 233 मिश्रर | HN-98117 | 1 | 695.00 | Hindi Books |
